Экономика туристского рынка: учебник для вузов

Xehetasun bibliografikoak
Egile nagusia: Дмитриев М. Н. Михаил Николаевич
Beste egile batzuk: Забаева М. Н. Марина Николаевна, Малыгина Е. Н. Елена Николаевна
Gaia:На обл. авт. не указаны.
Рассмотрены теоретические основы экономики туризма, представлен механизм функционирования хозяйствующего объекта в туристском секторе экономики. Изложены базисные теории и стратегии обеспечения конкурентных преимуществ, инвестирования, профилактики рисков и развития туристского бизнеса. Приведен анализ наиболее существенных факторов, оказывающих влияние на результаты туристского бизнеса. Определены основные направления преобразований туристских организаций в современных экономических условиях.
Hizkuntza:errusiera
Argitaratua: Москва, ЮНИТИ, 2010
Edizioa:2-е изд., перераб. и доп.
Gaiak:
Formatua: Liburua
KOHA link:https://koha.lib.tpu.ru/cgi-bin/koha/opac-detail.pl?biblionumber=184965

MARC

LEADER 00000nam0a2200000 4500
001 184965
005 20231101223901.0
010 |a 9785238018553 
035 |a (RuTPU)RU\TPU\book\200600 
090 |a 184965 
100 |a 20100927d2010 m y0rusy50 ca 
101 0 |a rus 
102 |a RU 
105 |a y j 001zy 
200 1 |a Экономика туристского рынка  |e учебник для вузов  |f М. Н. Дмитриев, М. Н. Забаева, Е. Н. Малыгина 
205 |a 2-е изд., перераб. и доп. 
210 |a Москва  |c ЮНИТИ  |d 2010 
215 |a 311 с. 
300 |a На обл. авт. не указаны. 
320 |a Библиогр.: с. 295-297. 
330 |a Рассмотрены теоретические основы экономики туризма, представлен механизм функционирования хозяйствующего объекта в туристском секторе экономики. Изложены базисные теории и стратегии обеспечения конкурентных преимуществ, инвестирования, профилактики рисков и развития туристского бизнеса. Приведен анализ наиболее существенных факторов, оказывающих влияние на результаты туристского бизнеса. Определены основные направления преобразований туристских организаций в современных экономических условиях. 
606 1 |a Туризм  |x Экономика  |2 stltpush  |3 (RuTPU)RU\TPU\subj\53770  |9 71935 
610 1 |a туристский рынок 
610 1 |a туристский бизнес 
610 1 |a туристский продукт 
610 1 |a предпринимательская деятельность 
610 1 |a организационная деятельность 
610 1 |a бизнес-планы 
610 1 |a правовые вопросы 
610 1 |a туристские организации 
610 1 |a финансирование 
610 1 |a туристские услуги 
610 1 |a трудовые ресурсы 
610 1 |a себестоимость 
610 1 |a ценообразование 
610 1 |a прибыль 
610 1 |a рентабельность 
610 1 |a эффективность 
610 1 |a конкуренция 
610 1 |a реорганизация 
610 1 |a банкротство 
610 1 |a ликвидация 
610 1 |a учебники 
686 |a У9(2)43я73  |v LBC/SL-A  |2 rubbk 
700 1 |a Дмитриев  |b М. Н.  |g Михаил Николаевич 
701 1 |a Забаева  |b М. Н.  |g Марина Николаевна 
701 1 |a Малыгина  |b Е. Н.  |g Елена Николаевна 
801 1 |a RU  |b 63413507  |c 20100927 
801 2 |a RU  |b 63413507  |c 20170220  |g RCR 
942 |c BK 
959 |a 64/20100927  |d 2  |e 250,00  |f АНЛ:1  |f ЧЗГЛ:1